01103nam a2200265 a 450000100100000000500170001000800410002702000150006804000250008304100380010808200190014610000240016524000510018924501560024026000520039630000260044853400590047465000320053370000540056570000320061970000370065104900090068895201230069799900170082000002573620200930024018.0110221s2000 sp ad r 000 0 spa d a8478290303 aDO-SdBNPbspacBNPHU17aspaheng2Código de idioma MARC a541.395bL831f1 aLogan, S. R.95253010aFundamentals of chemical kinetics.lEspañol.10aFundamentos de cinética química /cS. R. Logan ; traducción Concepción Pando García Pumarino ; revisión técnica J. A. Rodriguez Renuncio. aMadrid :bAddison Wesley Iberoamericana,c2000. aXII, 260 p. ;c24 cm. aTítulo original:tFundamentals of chemical kinetics. 4aCinética química9525311 aGarcía Pumarino, Concepción Pandoetr.9525321 aCapella, Isabeleed.9525331 aRodriguez Renuncio, J. A.952534 aBNGR 001054708MOaGRbGRcCTd2011-02-21iLF1l0o541.395 L831fp25736-10r2020-06-25w2020-06-25y4ZPréstamo en sala c25228d25228